000 00619cam a2200217 4500500
005 20260405003416.0
041 _afre
042 _adc
100 1 0 _aEnjalbert, Cédric
_eauthor
245 0 0 _aBotticelli & Cie
260 _c2021.
500 _a58
690 _aArtiste
690 _aateliers
690 _aBotticelli
690 _aMarsile Ficin
690 _aNéoplatonisme
690 _aRenaissance
786 0 _nPhilosophie magazine | 154 | 11 | 2021-11-01 | p. 79-80 | 1951-1787
856 4 1 _uhttps://shs.cairn.info/magazine-philosophie-magazine-2021-11-page-79?lang=fr&redirect-ssocas=7080
999 _c2067236
_d2067236